Quizzes
Events
Quiz Creation
Community
Videos
Private Events
Remove Ads
Sign In
Join for FREE
Feedback
Dark Mode
Quiz Categories
Sports
Geography
Music
Movies
Television
Just For Fun
Miscellaneous
History
Literature
Language
Science
Gaming
Entertainment
Religion
Holiday
For Kids
Quiz Lab
Recent
Popular Today
Quiz Kudos Today
Editor Picks
Curator Picks
Quizzes by...
Day
Popularity
Type
Ratings
Length
Year
Community
Subscriptions
Recent Discussions
Orange Saloon
Badges
Playlists
Quests
Create
Leaderboards
Showdown
Live 5
Trivia Bingo
Activity
Puzzle Library
Sporcle Events
Private Events
Virtual Trivia
Globe League
Become a Host
Pub Owners
SporcleCon
Opinionation
Our Games
Videos
Blog
Mobile Apps
Partnerships
Remove Ads and Go Orange
Feedback
Miscellaneous
Crossword
General Knowledge
Baby Names
Logo
Food
Cars
Numbers
Grab Bag
University
College
Popular
Company
Slogans
Restaurants
Justice
Letter
Miscellaneous
Crossword
General Knowledge
Baby Names
Logo
Food
Cars
Numbers
Grab Bag
University
College
Popular
Company
Slogans
Restaurants
Justice
Letter
Random Quiz
Search Sporcle
×
Quiz Lab
Quiz Lab
Miscellaneous
egg
Type in answers that appear in a list
Type in answers that appear in a list
Classic
Best Score? Go Orange.
Scrambled eggs with Bacon Stats
Can you name the Scrambled eggs with Bacon?
By
racquetboy
10m
140 Questions
30 Plays
30 Plays
30 Plays
Comments
Comments
Give Quiz Kudos
Give Quiz Kudos
-
- Ratings
hide this ad
Forced Order
Answers have to be entered in order
Answers have to be entered in order
Replay
Link that replays current quiz
Next Quiz
Link to next quiz in quiz playlist
You Got
0%
They Got
Avg Score
63%
Avg Friend Score
Upgrade to see
Score Distribution
Jump to the score distribution portion of the page
Score
0/140
Timer
10:00
0
Plays Today
name it
can you
% Correct
The
96.7%
aims
83.3%
and
83.3%
ideals
83.3%
of
83.3%
the
83.3%
fraternity
83.3%
are
83.3%
symbolically
83.3%
contained
83.3%
on
83.3%
the
83.3%
cofa
83.3%
their
80%
interpretation
80%
is
80%
a
80%
profound
80%
secret
80%
explained
80%
in
80%
the
80%
ritual
80%
of
80%
alpha
80%
epsilon
80%
pi
80%
and
80%
expounded
80%
upon
80%
the
80%
pledge
80%
during
80%
initiation
80%
into
80%
the
80%
brotherhood
80%
the
80%
cofa
80%
is
80%
a
80%
shield
80%
surmounted
80%
by
80%
a
80%
seven
80%
branch
80%
name it
can you
% Correct
candelabra
76.7%
which
76.7%
incorporates
76.7%
the
76.7%
star
76.7%
of
76.7%
zion
76.7%
the
76.7%
shield
76.7%
is
76.7%
parted
76.7%
per
76.7%
saltier
76.7%
and
76.7%
within
70%
the
66.7%
shield
66.7%
there
63.3%
appear
63.3%
the
63.3%
following
63.3%
symbols
63.3%
in
60%
chief
60%
a
60%
lion
60%
rampant
60%
turned
60%
towards
60%
dexter
60%
margin
60%
on
60%
dexter
60%
flank
60%
the
60%
on
56.7%
sinister
56.7%
flank
56.7%
a
56.7%
lamp
56.7%
of
56.7%
knowledge
56.7%
at
56.7%
base
56.7%
fleurdelis
53.3%
an
53.3%
open
53.3%
name it
can you
% Correct
book
53.3%
upon
50%
the
50%
pages
50%
of
50%
which
50%
q
there
50%
rest
50%
a
50%
human
50%
skull
50%
the
50%
grinning
50%
gruesome
46.7%
relic
46.7%
of
46.7%
departed
46.7%
life
46.7%
and
46.7%
the
46.7%
fraternity
46.7%
pledge
46.7%
pin
46.7%
below
43.3%
the
43.3%
shield
43.3%
there
43.3%
is
43.3%
a
43.3%
scroll
43.3%
on
43.3%
which
43.3%
esponda
40%
there
36.7%
appear
36.7%
the
36.7%
following
36.7%
greek
36.7%
letters
36.7%
epsilon
36.7%
sigma
36.7%
pi
36.7%
omicron
36.7%
nu
36.7%
delta
36.7%
alpha
36.7%
Quiz Playlist
Details
Report
Send in Message
Add To Playlist
Classic:
Type in answers that appear in a list
Forced Order:
Answers have to be entered in order
Last Updated: Feb 16, 2017
Quiz Scoreboard
CHALLENGE
Sign Up to Join the Scoreboard
Show All
Scores
Hide
Comments
May contain spoilers
Recently Published
Popular People in 1961
by mucciniale
History
6m
1-10 Letter E Words III
by El_Dandy
Language
2m
One Thing in Common: World Cities II
by knightlancer
Geography
7m
More to Explore
Quiz From the Vault
Featured Blog Post
Where Did the Easter Bunny Come From?
hide this ad
You Might Also Like...
Tags
bacon
egg
scramble
Today's Top Quizzes in Miscellaneous
Browse Miscellaneous
hide this ad
Today's Top Quizzes in egg
Browse egg
Top Contributed Quizzes in Miscellaneous
1
The JOE quick-fire general knowledge quiz: Day 173
2
The JOE quick-fire general knowledge quiz: Day 172
3
Sunday Crossword: Famous Bodies of Water
4
Named After an Animal - Odd One Out!
5
sort kpop groups by number of members
6
One Thing in Common: United Kingdom II
7
The JOE quick-fire general knowledge quiz: Day 171
8
Lays Potato Chip Flavour Contest Finalists
9
The JOE quick-fire quiz: Day 170
10
Sunday Crossword: Themeless #5
Explore More
Trending Topics
Crossword
Disney
Kpop
Harry Potter
Anime
NBA
Marvel
Pokémon
WWE
The Office
NFL
Song
Puzzle
Soccer
Country
hide this ad
More By:
racquetboy
Quiz
Plays
Rating
Category
Featured
Created
spanish vocab Chapter 7
1
1.00
Just For Fun
Sep 23, 2010
Go to Creator's Profile
Score Distribution
Quiz Creator Spotlight
racquetboy
Follow
Send a Message
Quizzes Created
-
Created Quiz Play Count
-
More By This Creator
Popular Quizzes Today
1
Find the US States - No Outlines Minefield
2
The Countries of the World
3
Find the Countries of Europe - No Outlines Minefield
4
Popular People in 1961
5
1-10 Letter E Words III
6
Find the US States
7
One Thing in Common: World Cities II
8
US States
More Miscellaneous Quizzes
School's Out!
Published
Trending Quizzes
Risky Map Clicking: Least Populous States A-Z
1-10 Letter F Words
1-10 Letter G Words
One Thing in Common: United Kingdom
Risky Map Clicking: Next State Alphabetically
Recently Updated
Leaping Animals
pecheneg
Reality TV Shows (A-Z)
bhenderson79
Rickey Henderson's Hall of Fame Teammates
pecheneg
Champions League XIs: Arsenal
pecheneg
Quick Pick: Celebrities in WWE's Hall of Fame
aduchscher
A-Z Keypad Blitz II
pecheneg
Multiple Oscar Actors
pecheneg
Mystery Phrase Blitz: Oscar 'Best Actors'
pecheneg
F. Scott Fitzgerald Novels
LTH
Pick 3 Villains
ddd62291
Trending Topics
Kpop
NBA
Anime
Marvel
Harry Potter
Crossword
Disney
Puzzle
Song
Soccer
Pokémon
The Office
NFL
WWE
Country
Your Account Isn't Verified!
In order to create a playlist on Sporcle, you need to verify the email address you used during registration. Go to your
Sporcle Settings
to finish the process.
Report this User
Report this user for behavior that violates our
Community Guidelines
.
Details:
Send Report
Go to the Sporcle.com Mobile Site →
Comments